[Event "BL2-Sued 2223"]
[Site "Germany"]
[Date "2023.03.18"]
[Round "9.8"]
[White "Burkart, Patrick"]
[Black "Forster, Lukas"]
[Result "1/2-1/2"]
[WhiteElo "2325"]
[BlackElo "1953"]
[PlyCount "84"]
[EventDate "2022.10.22"]
[EventType "team-tourn"]
[EventRounds "9"]
[EventCountry "GER"]
[SourceTitle "EXT 2024"]
[Source "ChessBase"]
[SourceDate "2023.10.10"]
[SourceVersion "1"]
[SourceVersionDate "2023.10.10"]
[SourceQuality "1"]
[WhiteTeam "Hofheim"]
[BlackTeam "Stuttgart"]
[WhiteTeamCountry "GER"]
[BlackTeamCountry "GER"]

1. d4 Nf6 2. Nf3 d5 3. c4 e6 4. g3 Bb4+ 5. Bd2 a5 6. Bg2 0-0 7. Qc2 c5 8. cxd5 cxd4 9. Nxd4 Qb6 10. e3 exd5 11. 0-0 Nc6 12. Bc3 Be7 13. Nd2 Rd8 14. Rac1 Bd7 15. Nxc6 bxc6 16. Bd4 Qb5 17. Nb3 Rdc8 18. Bc5 Bxc5 19. Nxc5 Bg4 20. Qc3 a4 21. Rc2 Nd7 22. Qd4 Nxc5 23. Rxc5 Qe2 24. Rfc1 Bd7 25. e4 a3 26. R5c2 axb2 27. Qxb2 Qh5 28. exd5 cxd5 29. Qb7 Rd8 30. Qxd5 Bf5 31. Qf3 Qxf3 32. Bxf3 Ra3 33. Rc3 Rxa2 34. g4 Be6 35. R1c2 Ra1+ 36. Rc1 Ra4 37. h3 g6 38. Kg2 Kg7 39. Rd1 Rxd1 40. Bxd1 Rd4 41. Bf3 Bd5 42. Bxd5 Rxd5 1/2-1/2

[Event "BL2-Sued 1920"]
[Site "Germany"]
[Date "2021.08.07"]
[Round "9.7"]
[White "Bethke, Richard"]
[Black "Burkart, Patrick"]
[Result "1-0"]
[WhiteElo "2368"]
[BlackElo "2322"]
[PlyCount "81"]
[EventDate "2019.10.19"]
[EventType "team-tourn"]
[EventRounds "11"]
[EventCountry "GER"]
[SourceTitle "EXT 2023"]
[Source "ChessBase"]
[SourceDate "2022.10.05"]
[SourceVersion "1"]
[SourceVersionDate "2022.10.05"]
[SourceQuality "1"]
[WhiteTeam "Neuberg"]
[BlackTeam "Hofheim"]
[WhiteTeamCountry "GER"]
[BlackTeamCountry "GER"]

1. e4 Nf6 2. e5 Nd5 3. c4 Nb6 4. d4 d6 5. exd6 exd6 6. Bd3 Nc6 7. Ne2 Qf6 8. Nbc3 Bf5 9. Ne4 Bxe4 10. Bxe4 g6 11. b3 Bg7 12. 0-0 0-0 13. Be3 Rfe8 14. Bf3 h6 15. Qd2 Kh7 16. Rac1 Rad8 17. a4 Qf5 18. Nc3 Qa5 19. Rfd1 Qb4 20. Qc2 Rd7 21. Nb5 Qa5 22. Bd2 Qa6 23. a5 Nc8 24. b4 d5 25. Nxc7 Rxc7 26. cxd5 Bxd4 27. dxc6 bxc6 28. Qb3 Nd6 29. Bf4 Be5 30. Bxe5 Rxe5 31. Rxd6 Rce7 32. h4 Qb5 33. Rdxc6 Qb8 34. g3 Rxa5 35. Rc8 Qb6 36. R1c6 Ra1+ 37. Rc1 Re1+ 38. Kg2 Qf6 39. Rxa1 Rxa1 40. Rc7 Kg7 41. Bd5 1-0

[Event "GER-ch Net blitz sf"]
[Site "Playchess.com INT"]
[Date "2021.06.05"]
[Round "7"]
[White "Burkart, Patrick"]
[Black "Foerster, Erik"]
[Result "1/2-1/2"]
[WhiteElo "2190"]
[BlackElo "2127"]
[PlyCount "110"]
[EventDate "2021.06.05"]
[EventType "swiss (blitz)"]
[EventRounds "13"]
[EventCountry "GER"]
[SourceTitle "EXT 2023"]
[Source "ChessBase"]
[SourceDate "2022.10.05"]
[SourceVersion "1"]
[SourceVersionDate "2022.10.05"]
[SourceQuality "1"]

1. d4 d5 2. c4 e5 3. dxe5 d4 4. Nf3 Nc6 5. a3 Be6 6. Nbd2 Nge7 7. b4 Ng6 8. Bb2 Ngxe5 9. b5 Nxf3+ 10. Nxf3 Na5 11. Qxd4 Nxc4 12. e3 Qxd4 13. Bxd4 Nxa3 14. Bd3 c5 15. bxc6 bxc6 16. Ke2 Nb5 17. Bxb5 cxb5 18. Rxa7 Bc4+ 19. Kd2 Bb4+ 20. Kc2 Rxa7 21. Bxa7 0-0 22. Rb1 Bd6 23. Bd4 b4 24. Be5 Be7 25. Kb2 f6 26. Rc1 Bd5 27. Bd4 Ra8 28. Ra1 Rxa1 29. Kxa1 Bxf3 30. gxf3 Kf7 31. Kb2 Ke6 32. Kb3 Kd5 33. Bb6 h5 34. h3 Kc6 35. Ba5 Kb5 36. Bc7 Bc5 37. Bd8 f5 38. Bg5 Kc6 39. Kc4 Bd6 40. Bd8 Kd7 41. Ba5 Bh2 42. Bxb4 Bg1 43. Be1 Ke6 44. Kd4 g5 45. Kd3 h4 46. Ke2 Bh2 47. Ba5 Kf7 48. Bd8 Kg6 49. Be7 Kh5 50. e4 g4 51. fxg4+ fxg4 52. hxg4+ Kxg4 53. Bxh4 Kxh4 54. f4 Bxf4 55. e5 Bxe5 1/2-1/2

[Event "GER-ch Net blitz sf"]
[Site "Playchess.com INT"]
[Date "2021.06.05"]
[Round "1"]
[White "Burkart, Patrick"]
[Black "Klundt, Klaus"]
[Result "1-0"]
[WhiteElo "2190"]
[BlackElo "2006"]
[PlyCount "73"]
[EventDate "2021.06.05"]
[EventType "swiss (blitz)"]
[EventRounds "13"]
[EventCountry "GER"]
[SourceTitle "EXT 2023"]
[Source "ChessBase"]
[SourceDate "2022.10.05"]
[SourceVersion "1"]
[SourceVersionDate "2022.10.05"]
[SourceQuality "1"]

1. d4 Nf6 2. c4 e6 3. g3 d5 4. Nf3 Bb4+ 5. Bd2 Bd6 6. Nc3 c6 7. Qc2 Nbd7 8. e4 dxe4 9. Nxe4 Nxe4 10. Qxe4 Nf6 11. Qc2 c5 12. dxc5 Bxc5 13. Bg2 0-0 14. 0-0 Qb6 15. b4 Be7 16. a3 Bd7 17. Be3 Qc7 18. Rad1 Bc6 19. Bf4 Qc8 20. Rfe1 Rd8 21. Rxd8+ Qxd8 22. Rd1 Qc8 23. Bd6 Bxd6 24. Rxd6 a5 25. Qd1 axb4 26. axb4 h6 27. h3 Ne4 28. Rd4 Nf6 29. b5 Be8 30. Kh2 Ra2 31. Rd2 Qxc4 32. b6 Rxd2 33. Qxd2 Nd5 34. Qa5 Kh7 35. Qa8 Bc6 36. Qf8 Qc5 37. Qxc5 1-0

[Event "GER-ch Net blitz sf"]
[Site "Playchess.com INT"]
[Date "2021.06.05"]
[Round "3"]
[White "Kull, Florian"]
[Black "Burkart, Patrick"]
[Result "0-1"]
[WhiteElo "2087"]
[BlackElo "2190"]
[PlyCount "62"]
[EventDate "2021.06.05"]
[EventType "swiss (blitz)"]
[EventRounds "13"]
[EventCountry "GER"]
[SourceTitle "EXT 2023"]
[Source "ChessBase"]
[SourceDate "2022.10.05"]
[SourceVersion "1"]
[SourceVersionDate "2022.10.05"]
[SourceQuality "1"]

1. c4 Nf6 2. Nc3 c5 3. Nf3 Nc6 4. g3 d5 5. cxd5 Nxd5 6. Bg2 Nc7 7. Qa4 Bd7 8. Qe4 f5 9. Qb1 g6 10. 0-0 Bg7 11. a3 c4 12. d3 cxd3 13. Qxd3 Be6 14. Qxd8+ Rxd8 15. Bf4 Nd5 16. Nxd5 Bxd5 17. Rab1 h6 18. b4 b5 19. Nd2 Nd4 20. Rfe1 Bxg2 21. Kxg2 e5 22. Be3 Nc2 23. Red1 Nxe3+ 24. fxe3 e4 25. Nb3 Ke7 26. Na5 Rxd1 27. Rxd1 Rc8 28. Rd5 a6 29. Kf2 Bb2 30. Nb3 Bxa3 31. Nc5 a5 0-1

[Event "GER-ch Net blitz sf"]
[Site "Playchess.com INT"]
[Date "2021.06.05"]
[Round "5"]
[White "Schneider, Ilja"]
[Black "Burkart, Patrick"]
[Result "1-0"]
[WhiteElo "2454"]
[BlackElo "2190"]
[PlyCount "125"]
[EventDate "2021.06.05"]
[EventType "swiss (blitz)"]
[EventRounds "13"]
[EventCountry "GER"]
[SourceTitle "EXT 2023"]
[Source "ChessBase"]
[SourceDate "2022.10.05"]
[SourceVersion "1"]
[SourceVersionDate "2022.10.05"]
[SourceQuality "1"]

1. d4 Nf6 2. Bg5 d5 3. e3 Ne4 4. Bf4 c5 5. Bd3 Qb6 6. Bxe4 dxe4 7. Nc3 e6 8. Nge2 Nc6 9. 0-0 cxd4 10. Nxd4 Nxd4 11. Qxd4 f5 12. Rfd1 Qxd4 13. Rxd4 Bd7 14. Rad1 Bc6 15. Bd6 Rd8 16. Bxf8 Rxd4 17. Rxd4 Rxf8 18. b4 b5 19. Rd6 Bd7 20. Ra6 Ke7 21. Rxa7 Kd6 22. Ra6+ Ke7 23. Kf1 Rc8 24. Ra3 g5 25. Ke2 h6 26. Kd2 Kf6 27. Ra7 Bc6 28. Ra5 Rd8+ 29. Kc1 Rb8 30. a4 bxa4 31. b5 Be8 32. Rxa4 Rb6 33. Ra6 Rb7 34. b6 Ke5 35. Kd2 Kd6 36. Ne2 Bb5 37. Ra7 Rxb6 38. Rh7 Bxe2 39. Kxe2 Rb2 40. Kd2 Rb1 41. Rxh6 Rf1 42. Ke2 Rc1 43. h3 Rxc2+ 44. Ke1 Rc1+ 45. Kd2 Ra1 46. g3 Ra2+ 47. Ke1 Ra1+ 48. Ke2 Ra2+ 49. Kf1 Ke5 50. Rg6 Ra1+ 51. Kg2 Ra8 52. Rxg5 Kf6 53. h4 Rb8 54. Rh5 Kg6 55. Rg5+ Kf6 56. g4 Rh8 57. Kg3 Rc8 58. gxf5 exf5 59. Kf4 Rc5 60. h5 Ke6 61. h6 Rc2 62. h7 Rc8 63. Rg8 1-0

[Event "GER-ch Net blitz qual1"]
[Site "Playchess.com INT"]
[Date "2021.04.24"]
[Round "7"]
[White "Burkart, Patrick"]
[Black "Dittrich, Gunnar"]
[Result "1-0"]
[WhiteElo "2096"]
[BlackElo "1620"]
[PlyCount "53"]
[EventDate "2021.04.24"]
[EventType "swiss (blitz)"]
[EventRounds "11"]
[EventCountry "GER"]
[SourceTitle "CBM 202 Extra"]
[Source "ChessBase"]
[SourceDate "2021.07.31"]
[SourceVersion "1"]
[SourceVersionDate "2021.07.31"]
[SourceQuality "1"]

1. d4 d5 2. c4 e6 3. Nf3 c5 4. g3 cxd4 5. Nxd4 Nc6 6. Bg2 Bb4+ 7. Nc3 Qa5 8. Nxc6 bxc6 9. Bd2 Nf6 10. a3 Bxc3 11. Bxc3 Qb6 12. Bxf6 gxf6 13. Qd2 Rb8 14. b4 Ba6 15. cxd5 cxd5 16. 0-0 Ke7 17. Rac1 Rbc8 18. Bf3 Rc4 19. Rxc4 Bxc4 20. Rc1 Qa6 21. Rc3 h5 22. h4 Qd6 23. Kg2 Qe5 24. Re3 Qa1 25. b5 Qa2 26. Qb4+ Ke8 27. Qc5 1-0

[Event "GER-ch Net blitz qual1"]
[Site "Playchess.com INT"]
[Date "2021.04.24"]
[Round "4"]
[White "Burkart, Patrick"]
[Black "Langrock, Hannes"]
[Result "1-0"]
[WhiteElo "2096"]
[BlackElo "2237"]
[PlyCount "171"]
[EventDate "2021.04.24"]
[EventType "swiss (blitz)"]
[EventRounds "11"]
[EventCountry "GER"]
[SourceTitle "CBM 202 Extra"]
[Source "ChessBase"]
[SourceDate "2021.07.31"]
[SourceVersion "1"]
[SourceVersionDate "2021.07.31"]
[SourceQuality "1"]

1. d4 f5 2. Bg5 g6 3. Nd2 Bg7 4. Ngf3 h6 5. Bf4 g5 6. Be5 Nf6 7. Bxf6 Bxf6 8. e4 e6 9. Bd3 d5 10. exf5 exf5 11. 0-0 0-0 12. c3 Nc6 13. Qc2 g4 14. Ne1 Bg7 15. Bb5 f4 16. Nd3 Bf5 17. Qa4 a6 18. Bxc6 Bxd3 19. Bxb7 Bxf1 20. Kxf1 Rb8 21. Qc6 Kh8 22. b3 Re8 23. Qxd5 Qxd5 24. Bxd5 c5 25. Ne4 cxd4 26. cxd4 Bxd4 27. Rd1 Be5 28. f3 g3 29. hxg3 fxg3 30. Ke2 Rbd8 31. Bc4 Rxd1 32. Kxd1 a5 33. a4 h5 34. Ke2 h4 35. Kf1 Rd8 36. Nc5 Rd1+ 37. Ke2 Rg1 38. f4 Bxf4 39. Kf3 Be5 40. Nd3 Bd4 41. Bd5 Rf1+ 42. Kg4 Rh1 43. Nf4 Bf6 44. Bc4 Bd8 45. Ne6 Be7 46. Nf4 Rc1 47. Ng6+ Kg7 48. Nxe7 Rh1 49. Nf5+ Kf6 50. Nxh4 Rc1 51. Kxg3 Rc3+ 52. Nf3 Kf5 53. Bg8 Re3 54. Bd5 Rc3 55. Bc4 Re3 56. Kf2 Rc3 57. Ke2 Kf4 58. Kd2 Re3 59. Bd5 Re7 60. Kd3 Rc7 61. Nd4 Ke5 62. Bc6 Rc8 63. Kc4 Rb8 64. Bb5 Rc8+ 65. Nc6+ Kd6 66. Kd4 Ra8 67. Ke4 Rg8 68. Kf3 Rf8+ 69. Ke2 Rg8 70. Kf2 Rf8+ 71. Kg1 Ra8 72. g3 Kc5 73. Kg2 Kd5 74. g4 Ke4 75. Kg3 Ke3 76. g5 Ke4 77. Kg4 Kd5 78. g6 Ke6 79. Kg5 Rf8 80. Nxa5 Rf2 81. Bc4+ Ke5 82. g7 Rg2+ 83. Kh6 Rh2+ 84. Kg6 Rg2+ 85. Kf7 Rf2+ 86. Ke7 1-0

[Event "GER-ch Net blitz qual1"]
[Site "Playchess.com INT"]
[Date "2021.04.24"]
[Round "3"]
[White "Burkart, Patrick"]
[Black "Rebentisch, Tom"]
[Result "1-0"]
[WhiteElo "2096"]
[BlackElo "1620"]
[PlyCount "89"]
[EventDate "2021.04.24"]
[EventType "swiss (blitz)"]
[EventRounds "11"]
[EventCountry "GER"]
[SourceTitle "CBM 202 Extra"]
[Source "ChessBase"]
[SourceDate "2021.07.31"]
[SourceVersion "1"]
[SourceVersionDate "2021.07.31"]
[SourceQuality "1"]

1. d4 d5 2. c4 e6 3. Nf3 Nf6 4. g3 b6 5. Bg2 Bb7 6. 0-0 dxc4 7. Nbd2 Be7 8. Nxc4 0-0 9. Bf4 Nbd7 10. Rc1 Nh5 11. Be3 c5 12. Qa4 cxd4 13. Bxd4 Nc5 14. Bxc5 Bxc5 15. b4 Be7 16. Rfd1 Qe8 17. b5 Nf6 18. Nfe5 Bxg2 19. Kxg2 Bc5 20. Nd6 Bxd6 21. Rxd6 Rd8 22. Rdc6 Nd7 23. Nd3 Qe7 24. Qxa7 Qg5 25. a4 Qd5+ 26. f3 e5 27. Nf2 Ra8 28. Qc7 Nc5 29. Qxb6 Nxa4 30. Qc7 h6 31. b6 Qb5 32. b7 Rab8 33. Qxb8 Rxb8 34. Rc8+ Kh7 35. Rxb8 Nc5 36. Rxc5 Qxc5 37. Rc8 Qe7 38. b8Q h5 39. Rh8+ Kg6 40. Qd8 Qc5 41. Qd3+ f5 42. Rd8 h4 43. Rd6+ Kh5 44. Qxf5+ g5 45. g4# 1-0

[Event "GER-ch Net blitz qual1"]
[Site "Playchess.com INT"]
[Date "2021.04.24"]
[Round "5"]
[White "Coenen, Michael"]
[Black "Burkart, Patrick"]
[Result "1/2-1/2"]
[WhiteElo "2589"]
[BlackElo "2096"]
[PlyCount "47"]
[EventDate "2021.04.24"]
[EventType "swiss (blitz)"]
[EventRounds "11"]
[EventCountry "GER"]
[SourceTitle "CBM 202 Extra"]
[Source "ChessBase"]
[SourceDate "2021.07.31"]
[SourceVersion "1"]
[SourceVersionDate "2021.07.31"]
[SourceQuality "1"]

1. Nf3 Nf6 2. g3 d5 3. Bg2 Bf5 4. 0-0 e6 5. c4 c6 6. d3 Be7 7. Nc3 h6 8. Qb3 Qb6 9. Be3 Qxb3 10. axb3 Na6 11. Rfc1 Ng4 12. Na4 Nxe3 13. fxe3 Bf6 14. d4 Ke7 15. cxd5 exd5 16. Nc5 Nxc5 17. Rxc5 Kd6 18. Kf2 g5 19. Ra4 Rhe8 20. Rc3 Re7 21. h3 h5 22. b4 a6 23. Raa3 Rae8 24. Nd2 1/2-1/2

[Event "GER-ch Net blitz qual1"]
[Site "Playchess.com INT"]
[Date "2021.04.24"]
[Round "6"]
[White "Telljohann, Sven"]
[Black "Burkart, Patrick"]
[Result "1-0"]
[WhiteElo "2329"]
[BlackElo "2096"]
[PlyCount "101"]
[EventDate "2021.04.24"]
[EventType "swiss (blitz)"]
[EventRounds "11"]
[EventCountry "GER"]
[SourceTitle "CBM 202 Extra"]
[Source "ChessBase"]
[SourceDate "2021.07.31"]
[SourceVersion "1"]
[SourceVersionDate "2021.07.31"]
[SourceQuality "1"]

1. Nf3 Nf6 2. g3 d5 3. Bg2 Bf5 4. 0-0 e6 5. d3 Be7 6. c4 c6 7. Be3 a6 8. Qb3 b5 9. cxd5 cxd5 10. Rc1 0-0 11. Nbd2 Nfd7 12. a4 b4 13. a5 Bd6 14. Nd4 Bg4 15. N2f3 Qe7 16. Nc6 Nxc6 17. Rxc6 Bxf3 18. exf3 Ne5 19. Rc2 Rfc8 20. Rac1 Qd7 21. f4 Ng4 22. Bb6 Rxc2 23. Qxc2 Nf6 24. b3 Kf8 25. h3 Ke8 26. Bf1 Ng8 27. d4 Ne7 28. Qxh7 Nf5 29. Qg8+ Bf8 30. Rc7 Ne7 31. Qxf8+ Kxf8 32. Rxd7 Nf5 33. Bc5+ Ke8 34. Ra7 Rb8 35. Bxa6 Rd8 36. Bd3 g6 37. Bxf5 gxf5 38. Re7+ Kf8 39. Rd7+ Ke8 40. Rxd8+ Kxd8 41. a6 Kc8 42. a7 Kb7 43. h4 f6 44. h5 e5 45. fxe5 fxe5 46. dxe5 f4 47. gxf4 d4 48. Bxd4 Kc6 49. a8Q+ Kb5 50. Qb7+ Ka5 51. Qb6# 1-0

[Event "EU-ch qual Online"]
[Site "Tornelo INT"]
[Date "2020.12.18"]
[Round "6"]
[White "Burkart, Patrick"]
[Black "Chyzy, Jakub"]
[Result "1-0"]
[WhiteElo "2322"]
[BlackElo "2250"]
[PlyCount "73"]
[EventDate "2020.12.18"]
[EventType "swiss"]
[EventRounds "11"]
[EventCountry "POL"]
[SourceTitle "CBM 199 Extra"]
[Source "ChessBase"]
[SourceDate "2021.01.31"]
[SourceVersion "1"]
[SourceVersionDate "2021.01.31"]
[SourceQuality "1"]

1. d4 d5 2. c4 e6 3. Nf3 Nf6 4. Bg5 Be7 5. e3 0-0 6. Nc3 Nbd7 7. Qc2 c6 8. Rd1 a6 9. a3 dxc4 10. Bxc4 b5 11. Bd3 Bb7 12. Ne4 Nxe4 13. Bxe7 Qxe7 14. Bxe4 Nf6 15. Bd3 Rac8 16. b4 a5 17. Qc5 Qc7 18. 0-0 Nd7 19. Qc2 Qd6 20. Bxh7+ Kh8 21. bxa5 g6 22. Bxg6 fxg6 23. Qxg6 Qe7 24. Ne5 Nxe5 25. dxe5 Rf7 26. Rd6 Re8 27. Rfd1 c5 28. Rd7 Rg8 29. Rxe7 Rxg6 30. Rxf7 Bd5 31. e4 Bxe4 32. Rd8+ Rg8 33. Rxg8+ Kxg8 34. Rc7 b4 35. axb4 cxb4 36. Rc8+ Kf7 37. Rb8 1-0

[Event "EU-ch qual Online"]
[Site "Tornelo INT"]
[Date "2020.12.18"]
[Round "11"]
[White "Burkart, Patrick"]
[Black "Havlik, Jan"]
[Result "0-1"]
[WhiteElo "2322"]
[BlackElo "2393"]
[PlyCount "84"]
[EventDate "2020.12.18"]
[EventType "swiss"]
[EventRounds "11"]
[EventCountry "POL"]
[SourceTitle "CBM 199 Extra"]
[Source "ChessBase"]
[SourceDate "2021.01.31"]
[SourceVersion "1"]
[SourceVersionDate "2021.01.31"]
[SourceQuality "1"]

1. d4 Nf6 2. c4 g6 3. Nc3 Bg7 4. Nf3 0-0 5. Bf4 d6 6. e3 c6 7. Be2 Qa5 8. 0-0 Nbd7 9. h3 a6 10. a3 b5 11. b4 Qd8 12. c5 dxc5 13. bxc5 Nh5 14. Qb3 Nxf4 15. exf4 Nf6 16. Rad1 Be6 17. Qc2 Nd5 18. Nxd5 Bxd5 19. Ne5 Qa5 20. Qd2 Qxd2 21. Rxd2 Bxe5 22. dxe5 e6 23. Rd3 Bc4 24. Re3 Bxe2 25. Rxe2 Rfd8 26. Ra1 Rd4 27. g3 Rad8 28. Rc2 R8d5 29. Kf1 h5 30. h4 Kf8 31. Ke2 Ke7 32. f3 a5 33. Rb1 Rd3 34. Ra2 Rc3 35. g4 hxg4 36. fxg4 Rh3 37. Rbb2 Rxh4 38. Kf3 Rd3+ 39. Ke4 Rhh3 40. Re2 Rc3 41. Rac2 Rxa3 42. f5 Ra4+ 0-1

[Event "EU-ch qual Online"]
[Site "Tornelo INT"]
[Date "2020.12.18"]
[Round "5"]
[White "Sargsyan, Anna M"]
[Black "Burkart, Patrick"]
[Result "1-0"]
[WhiteElo "2402"]
[BlackElo "2322"]
[PlyCount "59"]
[EventDate "2020.12.18"]
[EventType "swiss"]
[EventRounds "11"]
[EventCountry "POL"]
[SourceTitle "CBM 199 Extra"]
[Source "ChessBase"]
[SourceDate "2021.01.31"]
[SourceVersion "1"]
[SourceVersionDate "2021.01.31"]
[SourceQuality "1"]

1. d4 Nf6 2. c4 e6 3. Nf3 b6 4. g3 Ba6 5. Qc2 c5 6. d5 exd5 7. cxd5 g6 8. Bg2 d6 9. 0-0 Bg7 10. Nc3 0-0 11. Re1 Re8 12. e4 b5 13. Bf4 b4 14. Na4 Ng4 15. Rad1 Qc7 16. h3 Ne5 17. Nxe5 Bxe5 18. Bxe5 Rxe5 19. f4 Re8 20. e5 Nd7 21. b3 Rac8 22. e6 Nf6 23. f5 c4 24. bxc4 Qxc4 25. Qb2 Nh5 26. Bf1 Qc2 27. Qxc2 Rxc2 28. Bxa6 Nxg3 29. Bb5 Rec8 30. e7 1-0

[Event "EU-ch qual Online"]
[Site "Tornelo INT"]
[Date "2020.12.18"]
[Round "9"]
[White "Zabrzanska, Weronika"]
[Black "Burkart, Patrick"]
[Result "0-1"]
[WhiteElo "1849"]
[BlackElo "2322"]
[PlyCount "158"]
[EventDate "2020.12.18"]
[EventType "swiss"]
[EventRounds "11"]
[EventCountry "POL"]
[SourceTitle "CBM 199 Extra"]
[Source "ChessBase"]
[SourceDate "2021.01.31"]
[SourceVersion "1"]
[SourceVersionDate "2021.01.31"]
[SourceQuality "1"]

1. e4 c5 2. Nc3 e6 3. g3 d5 4. exd5 exd5 5. Bg2 Nf6 6. d4 cxd4 7. Qxd4 Nc6 8. Qd1 Bb4 9. Bd2 0-0 10. Nge2 d4 11. Nb5 Bc5 12. Bf4 Nd5 13. 0-0 Nxf4 14. Nxf4 a6 15. Na3 Bxa3 16. bxa3 Qd6 17. Qd3 Be6 18. Rab1 b5 19. Nxe6 fxe6 20. c3 Rac8 21. Bxc6 Rxc6 22. Qxd4 Qxa3 23. Qd7 Qd6 24. Qxd6 Rxd6 25. Rb4 Rc8 26. a4 bxa4 27. Rxa4 Rxc3 28. Rfa1 Rcc6 29. Rb1 Kf7 30. Kg2 Kf6 31. Rb3 g5 32. Ra5 h6 33. Rf3+ Kg6 34. Rf8 Rd5 35. Ra4 a5 36. Ra8 Rcc5 37. Ra6 Kf6 38. Re4 Re5 39. Ra4 h5 40. h3 Red5 41. g4 h4 42. Kf3 Rd3+ 43. Kg2 Rdd5 44. Ra8 Rb5 45. Ra3 Ke5 46. Re3+ Kd6 47. Rc3 Rdc5 48. Rd3+ Rd5 49. Rc3 Rbc5 50. Ra3 Kc6 51. Ra6+ Kd7 52. Re3 Rd6 53. Ra7+ Kc6 54. Ra3 Rdd5 55. Ra6+ Kd7 56. Ra7+ Kd6 57. Ra6+ Ke7 58. Ra7+ Kf6 59. Ra6 Rb5 60. Rf3+ Ke7 61. Re3 Re5 62. Rc3 Kd7 63. Ra7+ Kd6 64. Ra6+ Ke7 65. Rc7+ Kf6 66. Rc3 Rec5 67. Ra3 Kf7 68. Ra7+ Kg6 69. Ra6 Kf6 70. Rf3+ Ke7 71. Rd3 Rd5 72. Re3 Rd6 73. Ra3 Rxa6 74. Ra4 Rb4 75. Ra3 a4 76. Ra2 Rb3 77. Ra1 a3 78. Ra2 Rb2 79. Ra1 a2 0-1

[Event "GER-ch Net Amateur Gr-A Final"]
[Site "Playchess.com INT"]
[Date "2020.04.18"]
[Round "2"]
[White "Burkart, Patrick"]
[Black "Nuber, Korbinian"]
[Result "1/2-1/2"]
[WhiteElo "2033"]
[BlackElo "2196"]
[PlyCount "53"]
[EventDate "2020.04.18"]
[EventType "swiss (blitz)"]
[EventRounds "13"]
[EventCountry "GER"]
[SourceTitle "CBM 195 Extra"]
[Source "ChessBase"]
[SourceDate "2020.05.31"]
[SourceVersion "1"]
[SourceVersionDate "2020.05.31"]
[SourceQuality "1"]

1. d4 d5 2. Nf3 Nf6 3. c4 c6 4. Qc2 a6 5. g3 b5 6. c5 g6 7. Bf4 Bg7 8. Bg2 0-0 9. 0-0 Bf5 10. Qc1 Nbd7 11. Nc3 Ne4 12. Bh6 Re8 13. Bxg7 Kxg7 14. Nh4 Ndf6 15. f3 Nxc3 16. Nxf5+ gxf5 17. bxc3 h6 18. Bh3 e6 19. Qf4 Qb8 20. Kf2 Qxf4 21. gxf4 a5 22. a3 a4 23. e3 Rg8 24. Rg1+ Kh7 25. Rg3 Rg6 26. Rag1 Rag8 27. Bf1 1/2-1/2

[Event "GER-ch Net Amateur Gr-A Final"]
[Site "Playchess.com INT"]
[Date "2020.04.18"]
[Round "4"]
[White "Fuchs, Heinz"]
[Black "Burkart, Patrick"]
[Result "1-0"]
[WhiteElo "2079"]
[BlackElo "2033"]
[PlyCount "111"]
[EventDate "2020.04.18"]
[EventType "swiss (blitz)"]
[EventRounds "13"]
[EventCountry "GER"]
[SourceTitle "CBM 195 Extra"]
[Source "ChessBase"]
[SourceDate "2020.05.31"]
[SourceVersion "1"]
[SourceVersionDate "2020.05.31"]
[SourceQuality "1"]

1. c4 Nf6 2. Nc3 e6 3. e4 c5 4. e5 Ng8 5. Nf3 Nc6 6. d4 cxd4 7. Nxd4 Nxe5 8. Ndb5 a6 9. Nd6+ Bxd6 10. Qxd6 f6 11. Be3 Ne7 12. Bb6 Nf5 13. Qc5 d6 14. Qa5 Qe7 15. 0-0-0 Bd7 16. f4 Nc6 17. Qa3 Rc8 18. g4 Nh6 19. Be2 Nf7 20. Rhe1 0-0 21. Bf3 Rfe8 22. Kb1 d5 23. Bc5 Qd8 24. cxd5 exd5 25. Rxe8+ Qxe8 26. Nxd5 Be6 27. Qe3 Bxd5 28. Qxe8+ Rxe8 29. Bxd5 g5 30. fxg5 fxg5 31. Rf1 Ncd8 32. Bb6 Ne6 33. Rf6 Nf4 34. Bxf7+ Kg7 35. Bxe8 Kxf6 36. Bd8+ Ke5 37. Bxg5 Nd5 38. Bd7 b5 39. a3 Kd6 40. Bf5 Nb6 41. Bxh7 Nc4 42. Bf5 Ke5 43. h4 Nd6 44. Bc2 Nf7 45. Bc1 a5 46. h5 Kf6 47. b3 b4 48. axb4 axb4 49. h6 Nd6 50. Bb2+ Kg5 51. h7 Nf7 52. h8Q Nxh8 53. Bxh8 Kxg4 54. Bd4 Kf4 55. Bc5 Ke5 56. Bxb4 1-0

[Event "GER-ch Net Amateur Gr-A Final"]
[Site "Playchess.com INT"]
[Date "2020.04.18"]
[Round "11"]
[White "Wessendorf, Thomas"]
[Black "Burkart, Patrick"]
[Result "0-1"]
[WhiteElo "2076"]
[BlackElo "2033"]
[PlyCount "98"]
[EventDate "2020.04.18"]
[EventType "swiss (blitz)"]
[EventRounds "13"]
[EventCountry "GER"]
[SourceTitle "CBM 195 Extra"]
[Source "ChessBase"]
[SourceDate "2020.05.31"]
[SourceVersion "1"]
[SourceVersionDate "2020.05.31"]
[SourceQuality "1"]

1. e4 c5 2. Nf3 e6 3. d3 Nc6 4. g3 Nf6 5. Bg2 d5 6. Nbd2 Be7 7. 0-0 b6 8. a3 Qc7 9. Re1 Bb7 10. c3 dxe4 11. dxe4 0-0 12. e5 Nd7 13. Nc4 Ba6 14. Bf1 Rad8 15. Qa4 Bxc4 16. Qxc4 Ndxe5 17. Nxe5 Nxe5 18. Qe4 Ng6 19. h4 Rd5 20. Be3 Rfd8 21. c4 Re5 22. Qf3 Rf5 23. Qe4 Re5 24. Qg4 h5 25. Qf3 Rf5 26. Qe4 Re5 27. Qc2 Bf6 28. Bd3 Qc6 29. Bxg6 fxg6 30. Qxg6 Qe4 31. Qxe4 Rxe4 32. b3 Bxa1 33. Rxa1 Rd3 34. Rb1 Kf7 35. Kf1 a5 36. Ke2 Rd7 37. f3 Re5 38. b4 axb4 39. axb4 Ra7 40. f4 Rf5 41. Kf3 Ra3 42. Ke4 Ke7 43. bxc5 bxc5 44. Rb7+ Kf6 45. Rb5 Rc3 46. Kf3 Rxc4 47. Rb8 g6 48. Rb7 Rd5 49. Ke2 e5 0-1

[Event "GER-ch Net Amateur Gr-A Vor3"]
[Site "Playchess.com INT"]
[Date "2020.04.16"]
[Round "8"]
[White "Burkart, Patrick"]
[Black "Bashilin, Roman"]
[Result "1/2-1/2"]
[WhiteElo "2054"]
[BlackElo "1620"]
[PlyCount "96"]
[EventDate "2020.04.16"]
[EventType "swiss (blitz)"]
[EventRounds "9"]
[EventCountry "GER"]
[SourceTitle "CBM 195 Extra"]
[Source "ChessBase"]
[SourceDate "2020.05.31"]
[SourceVersion "1"]
[SourceVersionDate "2020.05.31"]
[SourceQuality "1"]

1. d4 Nf6 2. c4 g6 3. Nc3 d6 4. Nf3 Bg7 5. Bf4 0-0 6. e3 Bg4 7. Be2 Nc6 8. 0-0 Nd7 9. d5 Ncb8 10. e4 e5 11. Be3 a5 12. Qd2 Na6 13. Ne1 Bxe2 14. Qxe2 f5 15. f3 Qh4 16. Nd3 Bh6 17. Bf2 Qg5 18. b3 Nb4 19. a3 Nxd3 20. Qxd3 Qd2 21. Rfd1 Qxd3 22. Rxd3 b6 23. Rdd1 Nc5 24. Bxc5 bxc5 25. Nb5 Rf7 26. Re1 a4 27. b4 cxb4 28. axb4 Bd2 29. Reb1 fxe4 30. fxe4 Be3+ 31. Kh1 Bb6 32. Ra2 h5 33. g3 Raf8 34. Rxa4 Rf2 35. Raa1 h4 36. gxh4 R8f3 37. Rg1 Kh7 38. Rg3 Rf4 39. h5 gxh5 40. Rag1 Rxe4 41. Rg7+ Kh8 42. Rg8+ Kh7 43. R8g7+ Kh8 44. Nxc7 Ree2 45. Rg8+ Kh7 46. R8g7+ Kh8 47. Rg8+ Kh7 48. R8g7+ Kh8 1/2-1/2